| 000 | 01102cam a2200229 4500 | ||
|---|---|---|---|
| 001 | ABS63261 | ||
| 008 | 000000n2000 000 0 eng u | ||
| 035 | _a(Sirsi) u110149 | ||
| 100 | _aRawstron, A | ||
| 245 | _aDeals struck under duress declared void | ||
| 260 | _c2000 | ||
| 490 |
_aConstruction News _v(6696) 14 December 2000, 12(1) |
||
| 520 | _aExamines the issue of agreements established under duress which then may be subsequently declared void. Highlights two decisions "DSND Subsea Ltd v Petroleum Geo Services ASA (PGS)" which showed that threatening to breach a contract is illegitimate pressure and "Carillion Construction v Felix UK", concluding that in future the courts will have to consider whether the aggrieved party had any practical alternative to entering into the agreement. | ||
| 590 | _aABS | ||
| 650 | _aDURESS | ||
| 650 | _aCONSTRUCTION DISPUTES | ||
| 650 | _aCARILLION CONSTRUCTION V FELIX UK | ||
| 650 | _aCONTRACT CLAIMS | ||
| 650 | _aDSND SUBSEA LTD V PETROLEUM GEO SERVICES ASA (PGS) | ||
| 690 | _aBUILT ENVIRONMENT-BUILDING CONTRACT FORMS | ||
| 942 | _n0 | ||
| 999 |
_c65685 _d65685 |
||